| 000 | 00599nam a2200145 a 4500 | ||
|---|---|---|---|
| 008 | 120416s2005 ||||||||||||||||| || u | ||
| 050 | _aIBRD(08)PRWP/3483 | ||
| 100 | _ade Walque, Damien | ||
| 245 | 1 | 0 | _aParental education and children's schooling outcomes |
| 246 | _ais the effect nature, nurture, or both? evidence from recomposed families in Rwanda | ||
| 260 |
_aWashington, D. C. _bWorld Bank _c2005 |
||
| 300 | _a23p. : ill. | ||
| 350 | _a0.00 | ||
| 995 |
_D0.00 _FCBU-MAIN LIBRARY (Kitwe) _H1 _I0.00 _UAVAILABLE _ZInternational Publications |
||
| 999 |
_c53115 _d53115 |
||